LEADER 00979nam0 22002531i 450 001 UON00209494 005 20231205103328.835 100 $a20030730d1996 |0itac50 ba 101 $aita 102 $aIT 105 $a|||| ||||| 200 1 $aˆI ‰ segreti della memoria$esaggi 1943-1983$fPhilippe Ariès 210 $aFirenze$cLa Nuova Italia$d1993. IX$d325 èp. ; 21 cm. 410 1$1001UON00018676$12001 $aBiblioteca di Storia$v58 606 $aMEMORIA ATROPOLOGIA$3UONC036330$2FI 620 $aIT$dFirenze$3UONL000052 700 1$aARIES$bPhilippe$3UONV062163$0403228 712 $aLa Nuova Italia$3UONV245954$4650 801 $aIT$bSOL$c20240220$gRICA 899 $aSIBA - SISTEMA BIBLIOTECARIO DI ATENEO$2UONSI 912 $aUON00209494 950 $aSIBA - SISTEMA BIBLIOTECARIO DI ATENEO$dSI III STORIAVAR A 0245 $eSI SC 32422 5 0245 996 $aSegreti della memoria$9563287 997 $aUNIOR LEADER 03750oam 2200637I 450 001 9910831869403321 005 20241107102057.0 010 $a9781351977586 010 $a135197758X 010 $a9781315268958 010 $a1315268957 010 $a9781351977593 010 $a1351977598 024 7 $a10.4324/9781315268958 035 $a(CKB)4340000000203005 035 $a(MiAaPQ)EBC5044296 035 $a(OCoLC)994552034 035 $a(ODN)ODN0004014968 035 $a(ScCtBLL)6f20c760-6a71-4233-9d24-c8ade293f5ff 035 $a(EXLCZ)994340000000203005 100 $a20180706d2017 uy 0 101 0 $aeng 135 $aurcnu|||||||| 181 $2rdacontent 182 $2rdamedia 183 $2rdacarrier 200 10$aBelonging and Transnational Refugee Settlement $eUnsettling the Everyday and the Extraordinary /$fJay Marlowe 205 $aFirst edition. 210 $d2017 210 1$aLondon :$cTaylor and Francis,$d2017. 215 $a1 online resource (198 pages) $cillustrations 225 1 $aStudies in Migration and Diaspora 311 08$a1-138-28545-5 320 $aIncludes bibliographical references at the end of each chapters and index. 327 $achapter 1 Transnational settlement -- chapter 2 Belonging: everyday and extraordinary conceptualizations -- chapter 3 Responding to trauma -- chapter 4 Responding to disasters -- chapter 5 Professional practice -- chapter 6 Conclusion. 330 2 $a"The image we have of refugees is one of displacement - from their homes, families and countries - and yet, refugee settlement is increasingly becoming an experience of living simultaneously in places both proximate and distant, as people navigate and transcend international borders in numerous and novel ways. At the same time, border regimes remain central in defining the possibilities and constraints of meaningful settlement. This book examines the implications of 'belonging' in numerous places as increased mobilities and digital access create new global connectedness in uneven and unexpected ways.Belonging and Transnational Refugee Settlement positions refugee settlement as an ongoing transnational experience, and identifies the importance of multiple belongings through several case studies based on original research in Australia and New Zealand, as well as at sites in the US, Canada and the UK. Demonstrating the interplay between everyday and extraordinary experiences and broadening the dominant refugee discourses, this book critiques the notion that meaningful settlement necessarily occurs in 'local' places. The author focuses on the extraordinary events of trauma and disasters alongside the everyday lives of refugees undertaking settlement, to provide a conceptual framework that embraces and honours the complexities of working with the 'trauma story' and identifies approaches to see beyond it.This book will appeal to those with an interest in migration and diaspora studies, human geography and sociology."--Provided by publisher. 410 0$aStudies in migration and diaspora. 606 $aRefugees 606 $aTransnationalism 606 $aGroup identity 606 $aAssimilation (Sociology) 606 $aEmigration and immigration$xSocial aspects 615 0$aRefugees. 615 0$aTransnationalism. 615 0$aGroup identity. 615 0$aAssimilation (Sociology) 615 0$aEmigration and immigration$xSocial aspects. 676 $a305.906914 686 $aSOC000000$aSOC026000$2bisacsh 700 $aMarlowe$b Jay$01772453 801 0$bFlBoTFG 801 1$bFlBoTFG 906 $aBOOK 912 $a9910831869403321 996 $aBelonging and Transnational Refugee Settlement$94273173 997 $aUNINA